000 00311 a2200133 4500
000 nam a22 7a 4500
005 20260317130509.0
020 _a9788131614563
100 _aGhanshyam Shah
245 _aDalit Identity And Politics
250 _a2nd
260 _bRawat Publication
_c2025
942 _cTEXL
999 _c1715619
_d1715619